De 1820 a 1824 : (Record no. 25402)
[ view plain ]
| 000 -LEADER | |
|---|---|
| campo de control de longitud fija | 01348cam a2200313 i 4500 |
| 001 - NÚMERO DE CONTROL | |
| campo de control | 25402 |
| 005 - FECHA Y HORA DE LA ÚLTIMA TRANSACCIÓN | |
| campo de control | 20250705063015.0 |
| 008 - DATOS DE LONGITUD FIJA--INFORMACIÓN GENERAL | |
| campo de control de longitud fija | 891106e1864 sp | |||| 000 0 spa |
| 016 7# - NÚMERO DE CONTROL DE UNA AGENCIA BIBLIOGRÁFICA NACIONAL | |
| Número de control del registro | bimoBNE20010122937 |
| Número de control cancelado/no válido | BNPAB00010199 |
| Fuente | SpMaBN |
| 035 ## - NÚMERO DE CONTROL DEL SISTEMA | |
| Número de control de sistema | (OCoLC)434291015 |
| 035 ## - NÚMERO DE CONTROL DEL SISTEMA | |
| Número de control de sistema | (SpMaBN)bimo0001643728 |
| 040 ## - FUENTE DE CATALOGACIÓN | |
| Centro catalogador/agencia de origen | SpMaBN |
| Lengua de catalogación | spa |
| Centro/agencia transcriptor | PAB |
| Centro/agencia modificador | SpMaBN |
| 080 ## - NÚMERO DE LA CLASIFICACIÓN DECIMAL UNIVERSAL | |
| Número de la Clasificación Decimal Universal | 94(460)"1820/23" |
| 100 1# - ENTRADA PRINCIPAL--NOMBRE DE PERSONA | |
| Nombre de persona | Argüelles, Agustín |
| Término indicativo de función/relación | Autor |
| Fechas asociadas al nombre | 1776-1844 |
| 9 (RLIN) | 22710 |
| 245 10 - MENCIÓN DEL TÍTULO | |
| Título | De 1820 a 1824 : |
| Resto del título | reseña histórica / |
| Mención de responsabilidad, etc. | por Agustín de Argüelles ; con una noticia biográfica del autor por José de Olózaga ; y un prólogo por Ángel Fernández de los Ríos |
| 260 ## - PUBLICACIÓN, DISTRIBUCIÓN, ETC. | |
| Lugar de publicación, distribución, etc. | Madrid : |
| Nombre del editor, distribuidor, etc. | A. de San Martín ; |
| -- | Agustín Juvena, |
| Fecha de publicación, distribución, etc. | 1864 |
| 300 ## - DESCRIPCIÓN FÍSICA | |
| Extensión | 213 páginas ; |
| Dimensiones | 20 cm |
| 530 ## - NOTA DISPONIBLE DE FORMULARIO FÍSICO ADICIONAL | |
| Nota de formato físico adicional disponible | Disponible en formato digital |
| 600 14 - PUNTO DE ACCESO ADICIONAL DE MATERIA--NOMBRE DE PERSONA | |
| 9 (RLIN) | 22711 |
| Nombre de persona | Argüelles, Agustín, |
| Fechas asociadas al nombre | 1776-1844- |
| Subdivisión general | Biografías |
| 651 #7 - PUNTO DE ACCESO ADICIONAL DE MATERIA--NOMBRE GEOGRÁFICO | |
| Nombre geográfico | España |
| Subdivisión general | Historia |
| Subdivisión cronológica | 1820-1823 (Trienio constitucional) |
| Fuente del encabezamiento o término | embne |
| 9 (RLIN) | 145382 |
| 700 1# - ENTRADA AGREGADA--NOMBRE PERSONAL | |
| Nombre de persona | Olózaga, José de |
| Fechas asociadas al nombre | 1810-1877 |
| Término indicativo de función/relación | Colaborador |
| 9 (RLIN) | 239901 |
| 700 1# - ENTRADA AGREGADA--NOMBRE PERSONAL | |
| Nombre de persona | Fernández de los Ríos, Ángel, |
| Fechas asociadas al nombre | 1821-1880 |
| Término indicativo de función/relación | Autor de introducción |
| 9 (RLIN) | 149656 |
| 852 ## - LOCALIZACIÓN | |
| Ubicación en estantería | Depósito folletos |
| Número de control de estantería | 1494-F-13 |
| 852 ## - LOCALIZACIÓN | |
| Ubicación en estantería | Sala Valle Inclán |
| Número de control de estantería | D-2495 |
| 856 41 - LOCALIZACIÓN Y ACCESO ELECTRÓNICOS | |
| Identificador Uniforme de Recursos | <a href="http://bdh-rd.bne.es/viewer.vm?id=0000255850&page=1">http://bdh-rd.bne.es/viewer.vm?id=0000255850&page=1</a> |
| Texto de enlace | Versión en línea |
| Nota pública | (Biblioteca Digital Hispánica) |
| 942 ## - ELEMENTOS DE ENTRADA SECUNDARIOS (KOHA) | |
| Fuente del sistema de clasificación o colocación | Clasificación decimal universal |
| Tipo de ítem Koha | Libro impreso antiguo |
| Suprimir en OPAC | No |
| Estatus retirado | Estado de pérdida | Estado de daño | No para préstamo | Colección | Biblioteca de origen | Biblioteca actual | Ubicación en estantería | Fecha de adquisición | Fuente de adquisición | Total de préstamos | Signatura topográfica completa | Código de barras | Visto por última vez | Precio de reemplazo | Tipo de ítem Koha |
|---|---|---|---|---|---|---|---|---|---|---|---|---|---|---|---|
| Colección de folletos | Biblioteca del Ateneo de Madrid | Biblioteca del Ateneo de Madrid | Depósito folletos | 17/01/2008 | 1494-F-13 | 1026189 | 23/02/2023 | 23/02/2023 | Folleto | ||||||
| Colección digital | Biblioteca del Ateneo de Madrid | Biblioteca del Ateneo de Madrid | Sala Valle Inclán | 17/01/2008 | D-2495 | 901026188 | 23/02/2023 | 23/02/2023 | Libro impreso antiguo |
